00353nam a2200121Ia 4500008004100000020001400041040004400055100002600099245005500125260000900180300002900189999001300218180412s9999||||xx |||||||||||||| ||und|| a443011540 aAhmadu Bello University Library - Zaria aLANDSMEER, John M. F. 0aAtlas of anatomy of the handcJohn M. F. Landsmeer c1976 axii, 349p.; illus.,diags c139d139